Countries that start with the letter 'a' - Statistics

General Stats
  • This quiz has been taken 19 times
  • The average score is 10 of 11
Answer Stats
Answer % Correct
Albania
100%
Antigua and barbuda
94%
Argentina
94%
Australia
94%
Algeria
89%
Andorra
89%
Angola
89%
Azerbaijan
89%
Afghanistan
83%
Armenia
83%
Austria
83%
No matching quizzes found
Score Distribution
Percent of People with Each Score
Percentile by Number Answered
Your Score History
You have not taken this quiz